[Event "Internationaal Jeugdtoernooi Limburg 2"]
[Site "Stein"]
[Date "1996.07.11"]
[Round "1"]
[White "Backhuis, Roel"]
[Black "Buch, Thomas"]
[Result "0-1"]
[WhiteElo "1444"]
[BlackElo "2015"]
[PlyCount "68"]
[EventDate "1996.07.11"]
[EventType "swiss"]
[EventRounds "7"]
[EventCountry "NED"]
[Source "P.Boonen"]
[SourceDate "2010.01.01"]

1. d4 Nf6 2. c4 e6 3. Nc3 Bb4 4. Bd2 b6 5. e3 Bb7 6. Nf3 O-O 7. Be2 d6 8. O-O
Nbd7 9. a3 Bxc3 10. Bxc3 Ne4 11. Qc2 f5 12. Nd2 Qg5 13. f4 Qh4 14. Bf3 Ndf6 15.
Nxe4 Nxe4 16. Be1 Qe7 17. Rd1 a5 18. b3 h6 19. b4 axb4 20. axb4 Ra7 21. Bc3
Nxc3 22. Qxc3 Bxf3 23. Rxf3 Rfa8 24. Rf2 Ra3 25. Qe1 Qe8 26. b5 R8a4 27. Rc2 c6
28. Rdc1 cxb5 29. cxb5 Qxb5 30. Rc8+ Kh7 31. Rb1 Rxe3 32. Rxb5 Rxe1+ 33. Kf2
Re4 34. Rxb6 Rxf4+ 0-1

[Event "Internationaal Jeugdtoernooi Limburg 2"]
[Site "Stein"]
[Date "1996.07.11"]
[Round "1"]
[White "Balcerak, Jakob"]
[Black "Van der Zwet, Bart"]
[Result "1-0"]
[WhiteElo "2175"]
[BlackElo "1848"]
[PlyCount "66"]
[EventDate "1996.07.11"]
[EventType "swiss"]
[EventRounds "7"]
[EventCountry "NED"]
[Source "P.Boonen"]
[SourceDate "2010.01.01"]

1. e4 e6 2. d4 d5 3. Nc3 Bb4 4. e5 c5 5. a3 Bxc3+ 6. bxc3 Ne7 7. Qg4 Qa5 8. Bd2
Qa4 9. Qxg7 Rg8 10. Qxh7 cxd4 11. Rb1 a6 12. cxd4 Qxd4 13. Nf3 Qe4+ 14. Qxe4
dxe4 15. Ng5 Nbc6 16. Nxe4 Rg7 17. Rd1 Nd5 18. c4 Nc7 19. Nf6+ Ke7 20. Bb4+
Nxb4 21. axb4 Ne8 22. Nxe8 Kxe8 23. g3 Bd7 24. Bg2 Rc8 25. c5 Rc7 26. Kd2 a5
27. Kc3 b6 28. Kb2 bxc5 29. bxa5 c4 30. Kc3 Bb5 31. Rb1 Bc6 32. Bxc6+ Rxc6 33.
f4 Kd7 1-0

[Event "Internationaal Jeugdtoernooi Limburg 2"]
[Site "Stein"]
[Date "1996.07.11"]
[Round "1"]
[White "Chamaillard, Sylvain"]
[Black "Spaapen, Robbert"]
[Result "1-0"]
[WhiteElo "2100"]
[BlackElo "1658"]
[PlyCount "31"]
[EventDate "1996.07.11"]
[EventType "swiss"]
[EventRounds "7"]
[EventCountry "NED"]
[Source "P.Boonen"]
[SourceDate "2010.01.01"]

1. d4 Nf6 2. Nf3 g6 3. c4 c5 4. Nc3 d6 5. dxc5 dxc5 6. Qxd8+ Kxd8 7. Bf4 Bf5 8.
O-O-O+ Nfd7 9. Ng5 Be6 10. Nxe6+ fxe6 11. Ne4 e5 12. Bxe5 Bh6+ 13. Kc2 Rf8 14.
Bxb8 Rxb8 15. Nxc5 Rc8 16. Nxd7 1-0

[Event "Internationaal Jeugdtoernooi Limburg 2"]
[Site "Stein"]
[Date "1996.07.11"]
[Round "1"]
[White "Conaert, Ronny"]
[Black "Aubel, Jochem"]
[Result "0-1"]
[WhiteElo "1810"]
[BlackElo "2173"]
[PlyCount "122"]
[EventDate "1996.07.11"]
[EventType "swiss"]
[EventRounds "7"]
[EventCountry "NED"]
[Source "P.Boonen"]
[SourceDate "2010.01.01"]

1. e4 c5 2. Nf3 d6 3. Nc3 Nf6 4. d4 cxd4 5. Nxd4 a6 6. Be2 e6 7. Be3 Qc7 8. a3
Be7 9. Qd2 b5 10. O-O Bb7 11. f3 O-O 12. Bd3 Nbd7 13. Nce2 d5 14. Ng3 Bd6 15.
exd5 Nxd5 16. Bf2 N7f6 17. Nde2 Rfd8 18. Qg5 Nf4 19. Nxf4 Bxf4 20. Qh4 h6 21.
Ne2 Be5 22. Bg3 Qc5+ 23. Bf2 Qe7 24. Rab1 Rd7 25. Bg3 Qc5+ 26. Bf2 Qc7 27. Bg3
Bxg3 28. Qxg3 Qxg3 29. Nxg3 Rc8 30. Ne2 Nd5 31. Rfd1 Rdc7 32. Rbc1 Nb6 33. Nc3
Kf8 34. Rd2 Ke7 35. Ne4 Bxe4 36. Bxe4 Nc4 37. Rd3 Nxb2 38. Rb3 Na4 39. Rb4 f5
40. Bd3 Rc3 41. Re1 Kf6 42. g4 Nc5 43. gxf5 exf5 44. Rd4 Nxd3 45. cxd3 Rc1 46.
Rd6+ Kg5 47. Kf2 Rxe1 48. Kxe1 a5 49. Rd5 Rb8 50. Ke2 b4 51. axb4 axb4 52. Rc5
b3 53. Rc1 b2 54. Rb1 Kf4 55. Kf2 Ke5 56. Ke2 Kd4 57. Kd2 f4 58. Kc2 Ke3 59.
Re1+ Kf2 60. Rd1 Kxf3 61. d4 b1=Q+ 0-1

[Event "Internationaal Jeugdtoernooi Limburg 2"]
[Site "Stein"]
[Date "1996.07.11"]
[Round "1"]
[White "Dambacher, Martijn"]
[Black "Lemmers, Ruud"]
[Result "1-0"]
[WhiteElo "2196"]
[BlackElo "1915"]
[PlyCount "53"]
[EventDate "1996.07.11"]
[EventType "swiss"]
[EventRounds "7"]
[EventCountry "NED"]
[Source "P.Boonen"]
[SourceDate "2010.01.01"]

1. e4 c5 2. Nc3 d6 3. f4 Nc6 4. Nf3 g6 5. Bc4 Bg7 6. O-O Na5 7. Bb5+ Bd7 8. Qe2
e6 9. f5 a6 10. fxe6 fxe6 11. Bxd7+ Qxd7 12. Ng5 Nh6 13. Nd5 exd5 14. exd5+ Be5
15. d4 cxd4 16. b4 O-O-O 17. Rb1 Nf5 18. bxa5 Qa4 19. Ne6 Rde8 20. Rf3 Re7 21.
Ra3 Rxe6 22. dxe6 Qc6 23. Rab3 d3 24. Qxd3 Qc5+ 25. Kh1 Nd4 26. Rxb7 Nb5 27.
Rf7 1-0

[Event "Internationaal Jeugdtoernooi Limburg 2"]
[Site "Stein"]
[Date "1996.07.11"]
[Round "1"]
[White "Holtackers, Daan"]
[Black "Kipper, Jens"]
[Result "0-1"]
[WhiteElo "1787"]
[BlackElo "2145"]
[PlyCount "71"]
[EventDate "1996.07.11"]
[EventType "swiss"]
[EventRounds "7"]
[EventCountry "NED"]
[Source "P.Boonen"]
[SourceDate "2010.01.01"]

1. e4 e6 2. d4 d5 3. Nd2 Nf6 4. e5 Nfd7 5. f4 c5 6. c3 Nc6 7. Ndf3 Be7 8. Ne2
cxd4 9. cxd4 f5 10. exf6 Nxf6 11. Nc3 Qb6 12. g3 O-O 13. Bh3 Ne4 14. Qe2 Nxd4
15. Nxd4 Qxd4 16. Nxe4 dxe4 17. Be3 Qd3 18. Qxd3 exd3 19. O-O-O e5 20. Bg2 exf4
21. Bxf4 Bf5 22. Bxb7 Rad8 23. a3 Bf6 24. Ba6 g5 25. Be3 Rd7 26. Rd2 Re8 27.
Re1 Bd4 28. Bc4+ Kf8 29. Rf1 Bxe3 30. Rxf5+ Kg7 31. Bb5 Bxd2+ 32. Kd1 Ree7 33.
Kxd2 Re2+ 34. Kd1 Rd6 35. Bxd3 Rxd3+ 36. Kxe2 0-1

[Event "Internationaal Jeugdtoernooi Limburg 2"]
[Site "Stein"]
[Date "1996.07.11"]
[Round "1"]
[White "Kozlowski, Thierry"]
[Black "Balcerak, Magdalena"]
[Result "1/2-1/2"]
[WhiteElo "2145"]
[BlackElo "1680"]
[PlyCount "115"]
[EventDate "1996.07.11"]
[EventType "swiss"]
[EventRounds "7"]
[EventCountry "NED"]
[Source "P.Boonen"]
[SourceDate "2010.01.01"]

1. Nf3 Nf6 2. c4 g6 3. Nc3 Bg7 4. e4 d6 5. g3 O-O 6. Bg2 e5 7. O-O Ne8 8. d4
Nc6 9. Be3 f5 10. dxe5 fxe4 11. Nxe4 Nxe5 12. Nxe5 Bxe5 13. Qd5+ Kh8 14. Ng5
Qe7 15. Rfe1 c6 16. Qd2 Qc7 17. f4 Bg7 18. Bd4 Bxd4+ 19. Qxd4+ Kg8 20. Rad1 Bg4
21. Ne6 Bxe6 22. Rxe6 Qb6 23. a3 Qxd4+ 24. Rxd4 Ng7 25. Re2 Rad8 26. g4 Rf6 27.
Kf2 Ne6 28. Rxe6 Rxe6 29. h4 Rde8 30. Bf3 Rf8 31. b4 a6 32. b5 axb5 33. cxb5 d5
34. bxc6 bxc6 35. a4 Ref6 36. Kg3 Rb8 37. a5 Rb3 38. Ra4 Rf7 39. a6 Ra7 40. f5
gxf5 41. gxf5 Kg7 42. Kf4 Kf6 43. Bh5 c5 44. Ra5 Rb4+ 45. Kg3 Kxf5 46. Rxc5
Rb3+ 47. Bf3 Rg7+ 48. Kf2 Rb2+ 49. Ke3 Re7+ 50. Kd4 Rb4+ 51. Kxd5 Re5+ 52. Kd6
Rb6+ 53. Rc6 Re6+ 54. Kc5 Rexc6+ 55. Bxc6 Rxa6 56. Bf3 Rh6 57. h5 Kg5 58. Kd4
1/2-1/2

[Event "Internationaal Jeugdtoernooi Limburg 2"]
[Site "Stein"]
[Date "1996.07.11"]
[Round "1"]
[White "Kuipers, Eelco"]
[Black "Schreiber, Christophe"]
[Result "1-0"]
[WhiteElo "2253"]
[BlackElo "1950"]
[PlyCount "69"]
[EventDate "1996.07.11"]
[EventType "swiss"]
[EventRounds "7"]
[EventCountry "NED"]
[Source "P.Boonen"]
[SourceDate "2010.01.01"]

1. e4 c5 2. Nf3 Nc6 3. d4 cxd4 4. Nxd4 e5 5. Nb5 a6 6. Nd6+ Bxd6 7. Qxd6 Qf6 8.
Qd1 Qg6 9. Nc3 Nge7 10. h4 h5 11. Be3 b5 12. Qd2 O-O 13. f3 Na5 14. Bc5 Nec6
15. Nd5 d6 16. Ne7+ Nxe7 17. Qxd6 Re8 18. Qxe5 Be6 19. Bxe7 Rxe7 20. Qg5 Qxg5
21. hxg5 g6 22. Bd3 Rc8 23. a4 Rc5 24. axb5 axb5 25. b4 Rxg5 26. Kf2 Bc4 27.
Bxc4 bxc4 28. Rxa5 f5 29. Rd1 h4 30. Rd4 c3 31. Rc5 Kf7 32. exf5 Rxf5 33. Rxf5+
gxf5 34. Rxh4 Rd7 35. Rh7+ 1-0

[Event "Internationaal Jeugdtoernooi Limburg 2"]
[Site "Stein"]
[Date "1996.07.11"]
[Round "1"]
[White "Middelburg, Tom"]
[Black "Van Elmpt, Wouter"]
[Result "1-0"]
[WhiteElo "2024"]
[BlackElo "1527"]
[PlyCount "88"]
[EventDate "1996.07.11"]
[EventType "swiss"]
[EventRounds "7"]
[EventCountry "NED"]
[Source "P.Boonen"]
[SourceDate "2010.01.01"]

1. e4 c5 2. Nf3 Nc6 3. d4 cxd4 4. Nxd4 Nf6 5. Nc3 e6 6. Ndb5 a6 7. Nd6+ Bxd6 8.
Qxd6 Qe7 9. Qg3 g6 10. Be2 Qb4 11. Qh4 Qd4 12. Be3 Qe5 13. f4 g5 14. fxe5 gxh4
15. exf6 Rg8 16. O-O b5 17. a3 Bb7 18. Rad1 Ne5 19. Bf4 Ng4 20. Bxg4 Rxg4 21.
h3 Rg6 22. Bc7 Rc8 23. Ba5 Rc4 24. Rd6 Bc6 25. Rf4 h6 26. Bb4 Kd8 27. b3 e5 28.
Rg4 Rxg4 29. hxg4 Rd4 30. Bc5 Kc7 31. Rxd4 exd4 32. Bxd4 Kd6 33. Bf2 Ke5 34.
Bxh4 Kf4 35. Be1 Kxg4 36. Bd2 h5 37. Kf2 d6 38. Bh6 Bb7 39. Nd5 Bc6 40. Ne3+
Kh4 41. Nf5+ Kg4 42. Nxd6 h4 43. e5 Bd5 44. c4 bxc4 1-0

[Event "Internationaal Jeugdtoernooi Limburg 2"]
[Site "Stein"]
[Date "1996.07.11"]
[Round "1"]
[White "Paulus, Sami"]
[Black "Van Haastert, Edwin"]
[Result "0-1"]
[WhiteElo "1950"]
[BlackElo "2280"]
[PlyCount "114"]
[EventDate "1996.07.11"]
[EventType "swiss"]
[EventRounds "7"]
[EventCountry "NED"]
[Source "P.Boonen"]
[SourceDate "2010.01.01"]

1. d4 Nf6 2. c4 c5 3. d5 b5 4. cxb5 a6 5. bxa6 g6 6. Nc3 Bxa6 7. e4 Bxf1 8.
Kxf1 d6 9. Nf3 Nbd7 10. g3 Bg7 11. Kg2 O-O 12. Re1 Ra6 13. Nd2 Qa8 14. Nc4 Rb8
15. f4 Rb4 16. Qe2 e6 17. Kg1 exd5 18. exd5 Rb8 19. Qg2 Ng4 20. Qf3 Bd4+ 21.
Kh1 Ndf6 22. h3 Nf2+ 23. Kg2 Bxc3 24. bxc3 Rxa2 25. Rxa2 Qxa2 26. Nxd6 Nd3+ 27.
Re2 Qxd5 28. Qxd5 Nxd5 29. Rd2 N5xf4+ 30. Kf3 Rb3 31. Ne4 f5 32. Nxc5 Rxc3 33.
Bb2 Rxc5 34. gxf4 Nxb2 35. Rxb2 Rc3+ 36. Kg2 Rc7 37. Kg3 Kg7 38. Rb4 Kh6 39.
Kh4 Rc3 40. Ra4 Re3 41. Ra7 Rf3 42. Ra4 Kg7 43. Ra7+ Kh6 44. Ra4 Rxf4+ 45. Rxf4
g5+ 46. Kg3 gxf4+ 47. Kxf4 Kg6 48. Kf3 Kg5 49. Kg3 f4+ 50. Kg2 Kf5 51. Kf3 Ke5
52. h4 Kf5 53. h5 h6 54. Kf2 Kg4 55. Kg2 Kxh5 56. Kh3 Kg5 57. Kg2 Kg4 0-1

[Event "Internationaal Jeugdtoernooi Limburg 2"]
[Site "Stein"]
[Date "1996.07.11"]
[Round "1"]
[White "Roobol, Martin"]
[Black "Frenken, Marcel"]
[Result "1-0"]
[WhiteElo "2305"]
[BlackElo "1997"]
[PlyCount "39"]
[EventDate "1996.07.11"]
[EventType "swiss"]
[EventRounds "7"]
[EventCountry "NED"]
[Source "P.Boonen"]
[SourceDate "2010.01.01"]

1. d4 Nf6 2. c4 c5 3. d5 b5 4. cxb5 a6 5. Nc3 axb5 6. e4 b4 7. Nb5 d6 8. Bc4
Nbd7 9. Nf3 Nb6 10. Bd3 g6 11. b3 Bg7 12. Bb2 O-O 13. O-O Ba6 14. Qe2 Qd7 15.
a4 bxa3 16. Rxa3 Ne8 17. Bxg7 Kxg7 18. Rfa1 Nc7 19. Nxc7 Bxd3 20. Qb2+ 1-0

[Event "Internationaal Jeugdtoernooi Limburg 2"]
[Site "Stein"]
[Date "1996.07.11"]
[Round "1"]
[White "Snoeck, Rene"]
[Black "Van Prooijen, Jan Willem"]
[Result "1-0"]
[WhiteElo "1553"]
[BlackElo "2065"]
[PlyCount "101"]
[EventDate "1996.07.11"]
[EventType "swiss"]
[EventRounds "7"]
[EventCountry "NED"]
[Source "P.Boonen"]
[SourceDate "2010.01.01"]

1. d4 d5 2. c4 e6 3. Nc3 c6 4. cxd5 exd5 5. Nf3 Bd6 6. Bg5 Qc7 7. e3 Ne7 8. Qc2
Bf5 9. Bd3 Bxd3 10. Qxd3 O-O 11. O-O f5 12. Rac1 Qd7 13. Na4 Ng6 14. Nc5 Qc8
15. Qb3 b6 16. Nd3 Qc7 17. Nb4 Bxb4 18. Qxb4 f4 19. Bxf4 Nxf4 20. exf4 Rxf4 21.
Qd2 Rf6 22. Rfe1 Nd7 23. Re7 Qd6 24. Rce1 Raf8 25. b4 h6 26. a3 c5 27. bxc5
bxc5 28. dxc5 Nxc5 29. Rxa7 Ne4 30. Qb4 Qf4 31. Qb7 R6f7 32. Qxd5 Ng5 33. Rxf7
Nxf3+ 34. Qxf3 Rxf7 35. Qxf4 Rxf4 36. Re8+ Kf7 37. Ra8 Rc4 38. g3 Rc2 39. h4
Ra2 40. Kg2 Kf6 41. g4 Kf7 42. Kg3 Kf6 43. a4 Ke6 44. f3 Kf6 45. h5 Ra1 46. Kf4
Rc1 47. a5 Rc4+ 48. Ke3 Rc3+ 49. Ke4 Rc4+ 50. Kd5 Rf4 51. Rf8+ 1-0

[Event "Internationaal Jeugdtoernooi Limburg 2"]
[Site "Stein"]
[Date "1996.07.11"]
[Round "1"]
[White "Utama, Ivan"]
[Black "Solakian, Jerome"]
[Result "1-0"]
[WhiteElo "1934"]
[BlackElo "2215"]
[PlyCount "70"]
[EventDate "1996.07.11"]
[EventType "swiss"]
[EventRounds "7"]
[EventCountry "NED"]
[Source "P.Boonen"]
[SourceDate "2010.01.01"]

1. e4 e6 2. d4 d5 3. Nd2 Nf6 4. e5 Nfd7 5. Ngf3 c5 6. c3 Nc6 7. Bd3 cxd4 8.
cxd4 Qb6 9. O-O Nxd4 10. Nxd4 Qxd4 11. Nf3 Qb6 12. Qa4 Qb4 13. Qc2 Qc5 14. Qa4
Qb4 15. Qc2 Nc5 16. Bd2 Qa4 17. b3 Qd7 18. Rac1 Nxd3 19. Qxd3 Be7 20. Rc2 O-O
21. Rfc1 Qd8 22. Nd4 Bd7 23. Nb5 Bc6 24. Nd4 Bd7 25. Nb5 Bc6 26. Nd4 Qc7 27.
Bf4 Rac8 28. Nb5 Qb8 29. Nd6 Bxd6 30. exd6 Bd7 31. Rc7 Bc6 32. Re7 Rce8 33. Qg3
Qd8 34. Be5 g6 35. Qh4 Rxe7 1-0

[Event "Internationaal Jeugdtoernooi Limburg 2"]
[Site "Stein"]
[Date "1996.07.11"]
[Round "1"]
[White "Van Gemen, Felix"]
[Black "Abeln, Michiel"]
[Result "0-1"]
[WhiteElo "1658"]
[BlackElo "2120"]
[PlyCount "73"]
[EventDate "1996.07.11"]
[EventType "swiss"]
[EventRounds "7"]
[EventCountry "NED"]
[Source "P.Boonen"]
[SourceDate "2010.01.01"]

1. e4 c5 2. Nc3 Nc6 3. g3 g6 4. Bg2 Bg7 5. d3 d6 6. f4 e6 7. Nf3 Nge7 8. Rb1
Rb8 9. O-O b5 10. a3 O-O 11. Be3 Nd4 12. Ne2 Nxe2+ 13. Qxe2 Qc7 14. c3 Bb7 15.
Bf2 a5 16. Rfd1 Rfc8 17. Rd2 Bc6 18. e5 b4 19. exd6 Qxd6 20. axb4 axb4 21. c4
Bxf3 22. Qxf3 Rb6 23. b3 Ra6 24. Qe4 Rd8 25. Qe2 Ra3 26. Qe3 Bd4 27. Qe4 Bc3
28. Rc2 h5 29. Qe3 Bd4 30. Qe4 Bxf2+ 31. Kxf2 Qxd3 32. Qxd3 Rxd3 33. Rcb2 Rc3
34. Be4 Kg7 35. Bc2 Nc6 36. Be4 Nd4 37. Kg2 0-1

[Event "Internationaal Jeugdtoernooi Limburg 2"]
[Site "Stein"]
[Date "1996.07.11"]
[Round "1"]
[White "Van Gils, Philip"]
[Black "Mellegers, Joost"]
[Result "0-1"]
[WhiteElo "1638"]
[BlackElo "2088"]
[PlyCount "78"]
[EventDate "1996.07.11"]
[EventType "swiss"]
[EventRounds "7"]
[EventCountry "NED"]
[Source "P.Boonen"]
[SourceDate "2010.01.01"]

1. e4 c5 2. Nc3 Nc6 3. g3 g6 4. Bg2 Bg7 5. d3 d6 6. Nge2 e6 7. O-O Nge7 8. Rb1
O-O 9. a3 Nd4 10. Be3 Rb8 11. Qd2 b6 12. h3 Bb7 13. Bg5 Qd7 14. Kh2 Rbc8 15.
Be3 f5 16. f4 Kh8 17. Qd1 a6 18. g4 e5 19. Ng3 Rf7 20. exf5 gxf5 21. g5 Ng6 22.
Nd5 Qd8 23. c3 Ne6 24. Qb3 b5 25. Nh5 c4 26. dxc4 bxc4 27. Qc2 exf4 28. Bb6
Qxg5 29. Nxg7 Rxg7 30. Rg1 Qg3+ 31. Kh1 Nh4 32. Bf2 Qxg2+ 33. Rxg2 Bxd5 34.
Bxh4 Bxg2+ 35. Qxg2 Rxg2 36. Kxg2 Kg7 37. Kf3 Rb8 38. Be7 Rb6 39. Rd1 Kf7 0-1

[Event "Internationaal Jeugdtoernooi Limburg 2"]
[Site "Stein"]
[Date "1996.07.11"]
[Round "1"]
[White "Van der Erf, Remco"]
[Black "Heinen, Igor"]
[Result "1-0"]
[WhiteElo "2149"]
[BlackElo "1795"]
[PlyCount "97"]
[EventDate "1996.07.11"]
[EventType "swiss"]
[EventRounds "7"]
[EventCountry "NED"]
[Source "P.Boonen"]
[SourceDate "2010.01.01"]

1. d4 Nf6 2. Nf3 e6 3. c4 b6 4. a3 Be7 5. Nc3 d5 6. cxd5 exd5 7. Bg5 O-O 8. e3
Bb7 9. Bd3 Ne4 10. Bxe7 Qxe7 11. Qc2 c5 12. O-O Nd7 13. Rac1 Rac8 14. Qa4 a6
15. dxc5 Ndxc5 16. Qd1 Rfd8 17. Bb1 b5 18. Ba2 Nxc3 19. Rxc3 Na4 20. Rxc8 Bxc8
21. Qd2 Nb6 22. Nd4 Qg5 23. Rc1 Nc4 24. Qe2 Bg4 25. f3 Bc8 26. f4 Qf6 27. a4
Qb6 28. b3 Nd6 29. Rc6 Qa5 30. axb5 axb5 31. b4 Qa3 32. Bxd5 Qxb4 33. Rc7 Qb1+
34. Kf2 Qg6 35. Nc6 Re8 36. Ne7+ Rxe7 37. Rxe7 Qh6 38. Kg1 Qh4 39. Rc7 Bg4 40.
Qd2 Qf6 41. e4 Nxe4 42. Qe3 Nd6 43. Bxf7+ Kf8 44. Bb3 Qa1+ 45. Rc1 Qf6 46. h3
Bc8 47. Qe5 Bb7 48. Rc7 Qg6 49. Qe7# 1-0

[Event "Internationaal Jeugdtoernooi Limburg 2"]
[Site "Stein"]
[Date "1996.07.11"]
[Round "1"]
[White "Vrancken, Gilbert"]
[Black "Peek, Maurice"]
[Result "1/2-1/2"]
[WhiteElo "1858"]
[BlackElo "2189"]
[PlyCount "55"]
[EventDate "1996.07.11"]
[EventType "swiss"]
[EventRounds "7"]
[EventCountry "NED"]
[Source "P.Boonen"]
[SourceDate "2010.01.01"]

1. d4 Nf6 2. Bg5 e6 3. Nf3 d5 4. e3 Be7 5. Nbd2 O-O 6. Bd3 c5 7. c3 Nc6 8. O-O
h6 9. Bh4 b6 10. Ne5 Nxe5 11. dxe5 Nd7 12. Bxe7 Qxe7 13. f4 Bb7 14. Qh5 Rad8
15. Rf3 c4 16. Bc2 d4 17. Rg3 dxc3 18. Qxh6 f5 19. exf6 Nxf6 20. Nxc4 cxb2 21.
Nxb2 Rd2 22. Qg6 Rc8 23. Bb3 Bd5 24. Bxd5 exd5 25. Qf5 Rcc2 26. Nd3 Qe4 27. Qg5
Nh5 28. Ne5 1/2-1/2

[Event "Internationaal Jeugdtoernooi Limburg 2"]
[Site "Stein"]
[Date "1996.07.11"]
[Round "2"]
[White "Abeln, Michiel"]
[Black "Kuipers, Eelco"]
[Result "0-1"]
[WhiteElo "2120"]
[BlackElo "2253"]
[PlyCount "58"]
[EventDate "1996.07.11"]
[EventType "swiss"]
[EventRounds "7"]
[EventCountry "NED"]
[Source "P.Boonen"]
[SourceDate "2010.01.01"]

1. e4 c5 2. Nf3 e6 3. d4 cxd4 4. Nxd4 a6 5. c4 d6 6. Nc3 Nf6 7. Be2 Be7 8. O-O
O-O 9. b3 b6 10. f4 Bb7 11. Bf3 Nbd7 12. Bb2 Rc8 13. Kh1 Re8 14. Qd2 Qc7 15.
Rae1 Qb8 16. g4 Nf8 17. g5 N6d7 18. Nde2 Ng6 19. Kg1 Nc5 20. Bh1 Bf8 21. Ng3 b5
22. cxb5 axb5 23. f5 Ne5 24. Nxb5 Ba6 25. Nd4 Bxf1 26. Rxf1 Qa7 27. Ba1 Ra8 28.
Rf2 Ned3 29. Rf3 e5 0-1

[Event "Internationaal Jeugdtoernooi Limburg 2"]
[Site "Stein"]
[Date "1996.07.11"]
[Round "2"]
[White "Aubel, Jochem"]
[Black "Utama, Ivan"]
[Result "0-1"]
[WhiteElo "2173"]
[BlackElo "1934"]
[PlyCount "30"]
[EventDate "1996.07.11"]
[EventType "swiss"]
[EventRounds "7"]
[EventCountry "NED"]
[Source "P.Boonen"]
[SourceDate "2010.01.01"]

1. d4 Nf6 2. c4 e6 3. Nc3 d5 4. Nf3 Be7 5. Qc2 c6 6. cxd5 exd5 7. Bf4 O-O 8. h3
Qa5 9. Nd2 Qb6 10. e3 Bf5 11. Qb3 Nbd7 12. g4 Bg6 13. Be2 Qxb3 14. axb3 Ne4 15.
f3 Bh4+ 0-1

[Event "Internationaal Jeugdtoernooi Limburg 2"]
[Site "Stein"]
[Date "1996.07.11"]
[Round "2"]
[White "Balcerak, Magdalena"]
[Black "Vrancken, Gilbert"]
[Result "1-0"]
[WhiteElo "1680"]
[BlackElo "1858"]
[PlyCount "23"]
[EventDate "1996.07.11"]
[EventType "swiss"]
[EventRounds "7"]
[EventCountry "NED"]
[Source "P.Boonen"]
[SourceDate "2010.01.01"]

1. e4 d6 2. d4 Nf6 3. Nc3 g6 4. f3 Bg7 5. Be3 c6 6. Qd2 b5 7. a3 O-O 8. g4 h5
9. gxh5 Nxh5 10. Nge2 e5 11. Ng3 Qh4 12. Bg5 1-0

[Event "Internationaal Jeugdtoernooi Limburg 2"]
[Site "Stein"]
[Date "1996.07.11"]
[Round "2"]
[White "Buch, Thomas"]
[Black "Van der Erf, Remco"]
[Result "1-0"]
[WhiteElo "2015"]
[BlackElo "2149"]
[PlyCount "97"]
[EventDate "1996.07.11"]
[EventType "swiss"]
[EventRounds "7"]
[EventCountry "NED"]
[Source "P.Boonen"]
[SourceDate "2010.01.01"]

1. e4 c5 2. d3 Nc6 3. g3 g6 4. Bg2 Bg7 5. Nc3 e6 6. Be3 d6 7. Qd2 Qa5 8. f4
Nge7 9. Nf3 Nd4 10. O-O Nec6 11. a3 O-O 12. Qf2 b5 13. e5 b4 14. axb4 Qxb4 15.
Nxd4 cxd4 16. Bxd4 Bd7 17. Bxc6 Bxc6 18. Ne4 Bxe4 19. dxe4 Rfd8 20. c3 Qb7 21.
exd6 Qxe4 22. Bxg7 Kxg7 23. Rfd1 Rd7 24. Qd4+ Qxd4+ 25. Rxd4 Rc8 26. Ra6 Kf6
27. Kf2 e5 28. fxe5+ Kxe5 29. Ke3 Rb8 30. b4 f5 31. Kd3 Rb6 32. Rxb6 axb6 33.
Kc4 Rxd6 34. Rxd6 Kxd6 35. Kb5 Kc7 36. Kc4 Kd6 37. Kd4 b5 38. c4 bxc4 39. Kxc4
g5 40. Kd4 Ke6 41. b5 Kd6 42. b6 Kc6 43. Ke5 f4 44. gxf4 gxf4 45. Kxf4 Kxb6 46.
Kg5 Kc6 47. Kh6 Kd6 48. Kxh7 Ke5 49. Kg6 1-0

[Event "Internationaal Jeugdtoernooi Limburg 2"]
[Site "Stein"]
[Date "1996.07.11"]
[Round "2"]
[White "Kerstens, Dennis"]
[Black "Roobol, Martin"]
[Result "1/2-1/2"]
[WhiteElo "2125"]
[BlackElo "2305"]
[PlyCount "101"]
[EventDate "1996.07.11"]
[EventType "swiss"]
[EventRounds "7"]
[EventCountry "NED"]
[Source "P.Boonen"]
[SourceDate "2010.01.01"]

1. e4 c5 2. Nf3 Nc6 3. Bb5 g6 4. Bxc6 dxc6 5. O-O Bg7 6. d3 e5 7. a3 a5 8. Be3
b6 9. Nc3 a4 10. Nb1 Qc7 11. c4 Ne7 12. Nc3 Qa7 13. b3 axb3 14. Qxb3 Bg4 15. a4
Bxf3 16. gxf3 O-O 17. a5 bxa5 18. Na4 Rfb8 19. Qa3 Nc8 20. Rfb1 Bf8 21. Bxc5
Bxc5 22. Qxc5 Qxc5 23. Nxc5 Rxb1+ 24. Rxb1 Kg7 25. Nd7 f6 26. Nc5 Kf8 27. Na4
Ke8 28. Kf1 Ra7 29. Ke2 Kd7 30. Ke3 Nd6 31. f4 g5 32. fxe5 fxe5 33. Rg1 h6 34.
h4 Nf7 35. hxg5 hxg5 36. d4 Kd6 37. d5 cxd5 38. exd5 Rb7 39. Rd1 Rb3+ 40. Ke2
Rb4 41. c5+ Kc7 42. Nb6 Nd8 43. Rh1 Rh4 44. Rb1 Rd4 45. Rb5 Nb7 46. c6 Nd6 47.
Na8+ Kc8 48. Rxa5 Nc4 49. Ra4 Nd6 50. Rxd4 exd4 51. Kd3 1/2-1/2

[Event "Internationaal Jeugdtoernooi Limburg 2"]
[Site "Stein"]
[Date "1996.07.11"]
[Round "2"]
[White "Kipper, Jens"]
[Black "Snoeck, Rene"]
[Result "1/2-1/2"]
[WhiteElo "2145"]
[BlackElo "1553"]
[PlyCount "77"]
[EventDate "1996.07.11"]
[EventType "swiss"]
[EventRounds "7"]
[EventCountry "NED"]
[Source "P.Boonen"]
[SourceDate "2010.01.01"]

1. d4 d5 2. c4 e6 3. Nc3 Nf6 4. Bg5 Be7 5. e3 O-O 6. Nf3 Nbd7 7. Rc1 c6 8. Bd3
b6 9. O-O Bb7 10. cxd5 exd5 11. Bb1 Re8 12. Re1 Ne4 13. Bf4 Nef6 14. h3 Rc8 15.
Ne5 Nxe5 16. dxe5 Nd7 17. e4 dxe4 18. Nxe4 Bb4 19. Ng5 Nf8 20. Qb3 Qe7 21. Red1
Ng6 22. Bxg6 hxg6 23. Nxf7 Qxf7 24. Qxb4 c5 25. Qc4 Rcd8 26. Rxd8 Rxd8 27. e6
Qe7 28. Re1 Rd4 29. Qc1 Re4 30. Rxe4 Bxe4 31. b4 Qxe6 32. bxc5 Qc6 33. cxb6
Qxc1+ 34. Bxc1 axb6 35. Be3 Bd5 36. a3 b5 37. f4 Kf7 38. Bd4 Kf8 39. g4 1/2-1/2

[Event "Internationaal Jeugdtoernooi Limburg 2"]
[Site "Stein"]
[Date "1996.07.11"]
[Round "2"]
[White "Lemmers, Ruud"]
[Black "Van Gils, Philip"]
[Result "1-0"]
[WhiteElo "1915"]
[BlackElo "1638"]
[PlyCount "65"]
[EventDate "1996.07.11"]
[EventType "swiss"]
[EventRounds "7"]
[EventCountry "NED"]
[Source "P.Boonen"]
[SourceDate "2010.01.01"]

1. e4 c5 2. Nc3 Nc6 3. f4 d6 4. Bc4 e6 5. Nf3 Nf6 6. d3 a6 7. a4 Qc7 8. O-O Be7
9. Be3 O-O 10. Qe1 Rd8 11. Bb3 d5 12. e5 Ne8 13. Bd2 Nd4 14. Nxd4 cxd4 15. Ne2
Bc5 16. Qg3 g6 17. Qf2 Ng7 18. g4 Qb6 19. Qh4 Qc7 20. Rf3 h5 21. gxh5 Be7 22.
Qg4 Nxh5 23. Kh1 Kf8 24. Rg1 b6 25. Rh3 Ke8 26. Nxd4 Bb7 27. Rxh5 gxh5 28. Qg8+
Kd7 29. Qxf7 Kc8 30. Qxe6+ Kb8 31. Rg7 Rd7 32. Nf5 d4+ 33. Kg1 1-0